000 00463nam a2200193Ia 4500
008 151121s9999||||xx |||||||||||||| ||und||
082 _a320/ROY
082 _bHNW-2876
100 _aRoy M। N।
245 4 _aThe Alternative
260 _b"Vora & Co Pub। Pvt। Ltd।, Bombay"
260 _c--
300 _a81
600 _aRoy M। N।
630 _aThe Alternative
700 _aRoy M। N।
730 _aThe Alternative
942 _cBOOK
999 _c1211679
_d1211676